| 000 | 00519nam a22001697a 4500 | ||
|---|---|---|---|
| 005 | 20251108164855.0 | ||
| 008 | 250721s2008 xx 000 0 ara d | ||
| 082 | 1 | 4 | _a641.5/نجا |
| 100 | 1 | _aالنجار، منيرة إبراهيم | |
| 245 | 1 | 0 | _aفن الطبخ الشرقي و الغربي / |
| 264 | 1 |
_aعمان : _bدار عالم الثقافة للنشر و التوزيع، _c2008. |
|
| 300 | _a80ص. | ||
| 650 | 1 | 7 | _aالطبخ |
| 650 | 1 | 7 | _aعمليات الطبخ |
| 942 |
_2ddc _cBK |
||
| 999 |
_c16402 _d16402 |
||